FOOD AND BEVERAGE SERVICE (Record no. 21036)
[ view plain ]
| 000 -LEADER | |
|---|---|
| fixed length control field | 00293nam a22001337a 4500 |
| 003 - CONTROL NUMBER IDENTIFIER | |
| control field | SGT |
| 020 ## - INTERNATIONAL STANDARD BOOK NUMBER | |
| International Standard Book Number | 978-1-398-30015-8 |
| 082 ## - DEWEY DECIMAL CLASSIFICATION NUMBER | |
| Classification number | 641.3 |
| Item number | COU |
| 100 ## - MAIN ENTRY--PERSONAL NAME | |
| Personal name | COUSINS, JOHN |
| 245 ## - TITLE STATEMENT | |
| Title | FOOD AND BEVERAGE SERVICE |
| 260 ## - PUBLICATION, DISTRIBUTION, ETC. (IMPRINT) | |
| Place of publication, distribution, etc | UK |
| Name of publisher, distributor, etc | HOLDER PUB. |
| Year of Publication | 2020 |
| 300 ## - PAGE DESCRIPTION | |
| No. of Pages | 407 |
| 942 ## - ADDED ENTRY ELEMENTS (KOHA) | |
| Source of classification or shelving scheme | Dewey Decimal Classification |
| Koha item type | Books |
| 942 ## - ADDED ENTRY ELEMENTS (KOHA) | |
| -- | 2 |
| Withdrawn status | Lost status | Source of classification or shelving scheme | Damaged status | Not for loan | Collection code | Home library | Current library | Date acquired | Vendor Name | Cost, normal purchase price | SGTU | Bill Number | Total Checkouts | Full call number | Accession No. (Barcode) | Date last seen | Date last borrowed | Bill Date | Koha item type |
|---|---|---|---|---|---|---|---|---|---|---|---|---|---|---|---|---|---|---|---|
| Dewey Decimal Classification | HOTEL MANAGEMENT | SGT Science & Social Sciences Library | SGT Science & Social Sciences Library | 22/04/2021 | JINDAL | 1395.00 | SGTU | 2230 | 2 | 641.3 COU | HM1070 | 03/01/2023 | 16/12/2022 | 24/03/2021 | Books |